Statistics for The Undertaker wrestlemania quiz

Click here to take the quiz!

General Stats

  • This quiz has been taken 42 times
  • The average score is 12 of 15

Answer Stats

QuestionAnswer% Correct
For how many matches did The Undertaker go undefeated at Wrestlemania ? (the streak)21
100%
What is The Undertaker's record at Wrestlemania ?25-2
97%
Who ended The Undertaker's legendary Wrestemania streak ?Brock Lesnar
97%
Who is the only wrestler to face The Undertaker 3 times at Wrestlemania ?Triple H
89%
Between these wrestlers below, who did The Undertaker never face at Wrestlemania ?Kurt Angle
87%
What was the stipulation for Undertaker's match against AJ Styles at this year's event ?Boneyard match
84%
Who was The Undertaker's first Wrestlemania opponent ?Jimmy "Superfly" Snuka
84%
The Undertaker's only non-1 on 1 match at Wrestlemania was a 1 on 2 handicap match, who did he face ?Big Show & A-Train
82%
Who did Undertaker beat to win the WWF title at Wrestlemania ?Syho Sid
82%
At which Wrestlemania did Undertaker return as "The Deadman" ?Wrestlemania 20
74%
After Wrestlemania 36, how many times did The Undertaker compete at Wrestlemania ?27
71%
Which is the highest rated Undertaker match at Wrestlemania ? (4,75*)vs Shawn Michaels at Mania 25
63%
The Undertaker had a streak of world class matches at Wrestlemania, this serie goes from which Wrestlemania to which Wrestlemania ?From Mania 23 to Mania 29
58%
At which Wrestlemania did Undertaker left his gear in the ring symbolsing his retirement ?Mania 33
53%
What are the 2 Wrestlemanias that The Undertaker missed due to injury?Mania 10 and 16
42%

Score Distribution

Percentile by Number Answered

Percent of People with Each Score

Your Score History

You have not taken this quiz